000 01447nam0a2200337 4500
001 RU\NLR\bibl\1253964
005 20250615124833.0
010 _a978-5-98777-016-0
_9500
021 _aRU
_b2008-38007
_92095
035 _a(NLR Aleph) 001240024
090 _a252894
_c252894
100 _a20080516d2007 |||y0rusy50 ca
101 0 _arus
102 _aRU
105 _ay |||||||||
200 1 _aПовести
_fА. К. Гахов
_g[Изд. программа Правительства Калининград. обл.]
210 _aКалининград
_cТерра Балтика
_d2007
215 _a143 с.
_d22
327 1 _aСодерж.: Витинг; Оберег
610 0 _aФилологические науки. Художественная литература -- Российская Федерация -- Русская литература -- с сер. 50-х гг. 20 в. -- Произведения художественной литературы -- Художественная проза -- Романы. Повести. Рассказы
686 _aШ5(2=Р)75-644
_2rubbk
686 _aШ6(2=Р)75-440.4
700 1 _aГахов
_bА. К.
_gАлександр Константинович
_4070
801 0 _aRU
_bРКП
_c20080516
_grcr
801 1 _aRU
_bРГБ
_c20080516
801 2 _aRU
_bNLR
_c20080718
_grcr
942 _cBOOK
980 _aNB
980 _aNBR